Villes françaises de plus de 100 000 habitants - Statistiques

Statistiques générales
  • Ce quiz a été pris 1 029 fois
  • Le résultat moyen est 31 sur 42
Statistiques - réponses
Classement Ville Population % Correct
2 Marseille 862 211
100%
1 Paris 2 190 327
99%
3 Lyon 515 695
98%
5 Nice 342 637
97%
4 Toulouse 475 438
97%
9 Bordeaux 252 040
95%
10 Lille 232 440
95%
8 Strasbourg 279 284
95%
6 Nantes 306 694
94%
11 Rennes 216 268
92%
7 Montpellier 281 613
89%
25 Brest 139 342
87%
16 Grenoble 158 180
81%
13 Saint-Etienne 171 924
81%
15 Toulon 169 634
81%
17 Dijon 155 090
79%
24 Clermont-Ferrand 142 686
78%
14 Le Havre 170 352
78%
12 Reims 183 113
78%
32 Metz 117 890
77%
42 Nancy 104 592
76%
37 Rouen 110 117
75%
41 Caen 105 403
74%
18 Angers 151 229
73%
26 Tours 136 565
73%
34 Orléans 114 782
71%
21 Saint-Denis 147 920
70%
35 Saint-Denis 111 354
70%
19 Nimes 151 001
68%
27 Amiens 133 755
67%
30 Perpignan 121 875
66%
28 Limoges 132 660
61%
20 Villeurbanne 149 019
60%
38 Mulhouse 108 999
59%
23 Le Mans 142 991
58%
22 Aix en Provence 143 006
55%
33 Besançon 116 466
52%
29 Annecy 126 419
50%
31 Boulogne-Billancourt 119 645
46%
39 Montreuil 108 402
36%
36 Argenteuil 110 468
35%
40 Saint-Paul 105 482
20%
Aucun quiz correspondant
Distribution des résultats
% des personnes avec chaque résultat
Percentile par nombre de réponses
Votre historique - résultats
Vous n’avez pas pris ce quiz